|
|
|
|
| LEADER |
01549nam a2200373Ia 4500 |
| 001 |
EBC3445576 |
| 003 |
MiAaPQ |
| 005 |
20200520144314.0 |
| 006 |
m o d | |
| 007 |
cr cn||||||||| |
| 008 |
040827s2004 ne a sb 101 0 eng d |
| 020 |
|
|
|z 9076998329 (hardcover)
|
| 020 |
|
|
|z 9789076998329
|
| 020 |
|
|
|z 9789086866625
|
| 035 |
|
|
|a (MiAaPQ)EBC3445576
|
| 035 |
|
|
|a (Au-PeEL)EBL3445576
|
| 035 |
|
|
|a (CaPaEBR)ebr10686754
|
| 035 |
|
|
|a (OCoLC)932318433
|
| 040 |
|
|
|a MiAaPQ
|c MiAaPQ
|d MiAaPQ
|
| 050 |
|
4 |
|a QP144.F52
|b D54 2004
|
| 245 |
0 |
0 |
|a Dietary fibre
|h [electronic resource] :
|b bio-active carbohydrates for food and feed /
|c editors, J.W. van der Kamp ... [et al.].
|
| 246 |
3 |
|
|a Dietary fiber
|
| 260 |
|
|
|a Wageningen :
|b Wageningen Academic Publishers,
|c 2004.
|
| 300 |
|
|
|a 357 p. :
|b ill.
|
| 500 |
|
|
|a Includes papers resulting from oral presentations and selected posters in the Dietary Fibre 2003 Conference, 18-21 May 2003, Netherlands.
|
| 504 |
|
|
|a Includes bibliographical references and index.
|
| 533 |
|
|
|a Electronic reproduction. Ann Arbor, MI : ProQuest, 2015. Available via World Wide Web. Access may be limited to ProQuest affiliated libraries.
|
| 650 |
|
0 |
|a Fiber in human nutrition
|v Congresses.
|
| 650 |
|
0 |
|a Food
|x Fiber content
|v Congresses.
|
| 655 |
|
4 |
|a Electronic books.
|
| 700 |
1 |
|
|a Kamp, J. W. van der.
|
| 710 |
2 |
|
|a ProQuest (Firm)
|
| 711 |
2 |
|
|a Dietary Fibre Conference
|d (2003 :
|c Netherlands)
|
| 856 |
4 |
0 |
|u https://ebookcentral.proquest.com/lib/matrademy/detail.action?docID=3445576
|z Click to View
|